| 000 | 01628nam a2200253Ia 4500 | ||
|---|---|---|---|
| 003 | Ost | ||
| 005 | 20260507074910.0 | ||
| 008 | 260507s9999||||xx |||||||||||||| ||und|| | ||
| 040 | _cfsecg | ||
| 041 | _aara | ||
| 082 | _a657 | ||
| 100 |
_aأبو نصار، محمد _eمؤلف |
||
| 245 | 0 |
_aالضرائب ومحاسبتها بين النظرية والتطبيق / _c محمد أبو نصار |
|
| 250 | _aطبعة 2 | ||
| 260 |
_aعمان: _b[دون ناشر], _c2003 |
||
| 300 |
_a512 صفحة؛ _bإيضاحات ؛ _c24 سم |
||
| 520 | _aالتعريف بالضريبة وخصائصها، مدخل لقانون ضريبة الدخل في الأردن، مصادر الدخل الخاضعة للضريبة، نفقات العمل المقبولة وغير المقبولة ضريبيا، الأحكام العامة والنواحي الأجرائية لقانون ضريبة الدخل، ضريبة الدخل على الرواتب والأجور، مدخل لإجراءات التقدير على مختلف المكلفين، قطاع شركات الأشخاص، قطاع الشركات التجارية والصناعية، قطاع شركات المقاولات، قطاع الصرافة والوساطة، قطاع شركات التأمين، القطاع المصرفي والمالي والشركات التي تقبل الودائع | ||
| 653 | _aالضرائب | ||
| 653 | _aالمحاسبة | ||
| 653 | _aمحاسبة- الضرائب | ||
| 700 |
_aالشهوان، فراس عطا الله _eمؤلف ثانوي |
||
| 700 |
_aالمشاعلة، محفوظ _eمؤلف ثانوي |
||
| 942 | _cكتاب | ||
| 999 |
_c41732 _d41732 |
||